Normal view
MARC view
Entry Nome Pessoal
001 - CONTROL NUMBER
- control field: 1002
003 - CONTROL NUMBER IDENTIFIER
- control field: OSt
005 - DATE AND TIME OF LATEST TRANSACTION
- control field: 20260319104302.0
008 - FIXED-LENGTH DATA ELEMENTS
- fixed length control field: 260319|| aca||aabn | a|a d
040 ## - CATALOGING SOURCE
- Original cataloging agency: OSt
100 ## - HEADING--PERSONAL NAME
- Personal name: CORREIA,Mario, Gerson ,Felix;GUNZA ,Delcio ,Dorivaldo ,Domingos


